000 00671nam a2200205 a 4500
001 BRCA_957
005 20190320203225.0
008 880120s1988 nyua---##c---#000-0#eng-#
020 _a0810916983
040 _aDLC
_cDLC
_dDLC
050 4 _aNK2408
_b.T74 1988
245 1 0 _a397 chairs
_cessay by Arthur C. Danto ; photographs by Jennifer Lévy.
260 _aNueva York
_bHarry N. Abrams
_c1988
300 _a96 p.
_bil. (algunas a color)
_c26 cm.
650 1 4 _aSillas
_xHistoria
_ySiglo XX
_zEstados Unidos
_93166
650 1 4 _aMuebles
_xExposiciones
_zEstados Unidos
_93167
700 1 _aDanto, Arthur Coleman
_d1924-
_93168
700 1 _aLévy, Jennifer
_93169
942 _2lcc
_cB
999 _c845
_d845